Các quy định pháp luật về xử lý vi phạm hành chính.

Những quy định chung; Trật tự an toàn giao thông đường bộ, đường sắt, đường thuỷ nội địa và trật tự an toàn giao thông đô thị; Văn hoá và phòng chống tệ nạn xã hội, lao động, thương mại, thuế...

محفوظ في:
التفاصيل البيبلوغرافية
التنسيق: كتاب
اللغة:Vietnamese
منشور في: Hà Nội : Chính trị quốc gia, 1999.
الموضوعات:
الوسوم: إضافة وسم
لا توجد وسوم, كن أول من يضع وسما على هذه التسجيلة!
Thư viện lưu trữ: Mạng thư viện Đại học Đà Nẵng
LEADER 01106cam a2200337 i 4500
001 000042184
003 57
005 20041027142247.0
008 010217b1999 vm 000 vie
020 |c 88000 
022 |a T 
040 |a IRC  |c IRC  |d IRC 
041 0 |a vie 
082 1 4 |a 342  |b Qu-Đ 
245 0 4 |a Các quy định pháp luật về xử lý vi phạm hành chính. 
260 |a Hà Nội :  |b Chính trị quốc gia,  |c 1999. 
300 |a 1095 tr. ;  |c 20,5 cm. 
520 3 |a Những quy định chung; Trật tự an toàn giao thông đường bộ, đường sắt, đường thuỷ nội địa và trật tự an toàn giao thông đô thị; Văn hoá và phòng chống tệ nạn xã hội, lao động, thương mại, thuế... 
630 0 4 |a Pháp luật. 
630 0 4 |a Hành chính công. 
650 0 4 |a Luật hành chính  |z Việt Nam. 
OWN |a DUT 
999 |a From the UDN01 
TYP |a Monograph 
TYP |a Printed language 
980 |a Mạng thư viện Đại học Đà Nẵng